000 00589nam a22001575i 4500
001 172534
003 ES-MaACL
005 20230906214939.0
008 090715s1878 sp |||| | spa d
110 2 _aAteneo Científico, Literario y Artístico de Palencia.
_91851
245 1 0 _aMemoria del Ateneo de Palencia leída por el secretario general Manuel Carande en la sesión inaugural del curso de 1878 á 1879.
260 _aPalencia :
_b[s.n.],
_c1878 (
_fImp. de Cembrero y Martínez)
300 _a19 p. ;
_c21 cm.
700 0 _aCarande, Manuel.
_934951
852 _aES-MaACL
_jT-337-F-1
999 _c172534
_d172534